Study Guide to accompany Microeconomics/ (Record no. 575)
[ view plain ]
| 000 -LEADER | |
|---|---|
| fixed length control field | 00595nam a22001937a 4500 |
| 005 - DATE AND TIME OF LATEST TRANSACTION | |
| control field | 20241102155616.0 |
| 008 - FIXED-LENGTH DATA ELEMENTS--GENERAL INFORMATION | |
| fixed length control field | 241102b |||||||| |||| 00| 0 eng d |
| 020 ## - INTERNATIONAL STANDARD BOOK NUMBER | |
| International Standard Book Number | 9781464104237 |
| 050 ## - LIBRARY OF CONGRESS CALL NUMBER | |
| Classification number | HB172 |
| Item number | .K775 KRU |
| 100 ## - MAIN ENTRY--PERSONAL NAME | |
| Personal name | Krugman Paul |
| 245 ## - TITLE STATEMENT | |
| Title | Study Guide to accompany Microeconomics/ |
| Statement of responsibility, etc. | Paul Krugman, Robin Wells & Elizabeth Sawyer Kelly/ |
| 250 ## - EDITION STATEMENT | |
| Edition statement | 3rd Ed. |
| 260 ## - PUBLICATION, DISTRIBUTION, ETC. | |
| Place of publication, distribution, etc. | New York; |
| Name of publisher, distributor, etc. | Worth Publishers; |
| Date of publication, distribution, etc. | 2012 |
| 300 ## - PHYSICAL DESCRIPTION | |
| Extent | ix. 765p.; |
| Other physical details | ill. |
| Dimensions | 27.5cm x 21.5cm |
| 650 ## - SUBJECT ADDED ENTRY--TOPICAL TERM | |
| Source of heading or term | Microeconomics |
| 700 ## - ADDED ENTRY--PERSONAL NAME | |
| Personal name | Wells Robin |
| 700 ## - ADDED ENTRY--PERSONAL NAME | |
| Personal name | Kelly Elizabeth Sawyer |
| 942 ## - ADDED ENTRY ELEMENTS (KOHA) | |
| Source of classification or shelving scheme | Library of Congress Classification |
| Koha item type | Books |
| Edition | 3rd Ed. |
| Suppress in OPAC | No |
| 999 ## - | |
| -- | 575 |
| -- | 575 |
| Withdrawn status | Lost status | Source of classification or shelving scheme | Damaged status | Not for loan | Collection | Home library | Current library | Shelving location | Date acquired | Total checkouts | Full call number | Barcode | Date last seen | Copy number | Price effective from | Koha item type |
|---|---|---|---|---|---|---|---|---|---|---|---|---|---|---|---|---|
| Library of Congress Classification | Non-fiction | Business Library (Miotso) | Business Library (Miotso) | General stacks | 11/02/2024 | HB172 .K775 KRU | BSSM00000107 | 11/02/2024 | 1 | 11/02/2024 | Books | |||||
| Library of Congress Classification | Non-fiction | Business Library (Miotso) | Business Library (Miotso) | General stacks | 11/02/2024 | HB172 .K775 KRU | BSSM00000108 | 11/02/2024 | 2 | 11/02/2024 | Books | |||||
| Library of Congress Classification | Non-fiction | Main Library (Kumasi) | Main Library (Kumasi) | General stacks | 04/28/2026 | HB172.K775 KRU | bssk00000240 | 04/28/2026 | 3 | 04/28/2026 | Books |